|
|
|
|
| LEADER |
00000nam a2200000 a 4500 |
| 005 |
20110902095536.0 |
| 007 |
cr ||||||||||| |
| 008 |
110819s2011 sp ||||fs|||||0|| 0 spa|c |
| 035 |
|
|
|a 5552
|
| 040 |
|
|
|d vLex
|
| 090 |
|
|
|c 2343
|d 2343
|
| 100 |
1 |
|
|a Pena Lasso, Juan Mara̕
|
| 245 |
1 |
0 |
|a Recobro de prestaciones sanitarias de la Seguridad Social en Espaą
|h [Recurso electrn̤ico] /
|c Juan Mara̕ Pena Lasso
|
| 256 |
|
|
|a Servicio en ln̕ea.
|
| 260 |
|
|
|a [Madrid] :
|b Escoda Libros,
|c 2011.
|
| 300 |
|
|
|a 1 recurso electrn̤ico
|
| 500 |
|
|
|a Descripcin̤ del recurso: 19 de agosto 2011
|
| 506 |
1 |
|
|a Contenido solo disponible en los productos indicados
|d vLex Global
|d vLex Global (Academic Edition, excluding Law Schools)
|d vLex Global (U.S. Academic Edition, Law Schools)
|d vLex Global (U.S. Academic Edition, excluding Law Schools)
|d vLex Global (Academic Edition, Law Schools)
|
| 650 |
|
4 |
|a Cobro de cuentas
|z Espaą
|
| 650 |
|
4 |
|a Seguridad social
|x Derecho y legislacin̤
|z Espaą
|
| 740 |
0 |
|
|a vLex Libros (Servicio en ln̕ea)
|
| 856 |
4 |
0 |
|z Acceso restringido
|u http://vlex.com/source/recobro-prestaciones-sanitarias-seguridad-social-espana-5552
|
| 942 |
|
|
|c BOOK
|